[Event "Hunan Belt and Road Open 2019"]
[Site "Hunan"]
[Date "2019.08.06"]
[Round "9.19"]
[White "Lu, Shanglei"]
[Black "Bilguun, Sumiya"]
[Result "1/2-1/2"]
[WhiteElo "2619"]
[BlackElo "2482"]
[Annotator "TA"]
[PlyCount "86"]
[EventDate "2019.07.29"]
[EventType "swiss"]
[EventCountry "CHN"]
[SourceTitle "playchess.com"]
[Source "ChessBase"]
[SourceQuality "1"]

{[%evp 17,86,32,30,4,24,22,31,32,36,18,25,29,36,24,26,15,7,13,19,0,0,4,12,-35,-20,-25,-36,-32,0,0,0,-16,0,-32,-13,-27,-12,-15,0,-12,-19,-43,-70,-73,-68,-68,-85,-98,-108,-106,0,0,0,0,0,0,0,-57,-47,-50,-50,-47,0,0,0,0,0,0,0,0,0]} 1. e4 c5 2. Nf3 e6 3. g3 Nc6 4. Bg2 Nf6 5. Nc3 d6 6. O-O Be7 7. d4 cxd4 8. Nxd4 Bd7 9. Re1 O-O 10. Nce2 {B80: Sicilian Scheveningen: 6 g3 and 6 Be3, including English Attack} Qc7 (10... Rc8 11. Nxc6 Bxc6 12. Nd4 Bd7 13. c3 Qc7 14. a4 a6 15. a5 e5 16. Nc2 Be6 17. Nb4 {½-½ (47) Lu,S (2641)-Zhou,J (2597) Shenzhen 2017}) 11. Nxc6 $146 ({Predecessor:} 11. c4 a6 12. Nxc6 bxc6 13. Nc3 e5 14. h3 Be6 15. b3 Nd7 16. Be3 Rab8 {1-0 (44) Dovliatov,S (2327)-Badalov,S (2322) Baku 2000}) 11... bxc6 12. c4 {White is slightly better.} e5 13. Nc3 Rab8 14. b3 Bc8 15. h3 Nd7 16. f4 exf4 17. gxf4 f5 18. Be3 fxe4 19. Nxe4 Nf6 20. Nc3 {[%cal Be4c3,Bc3e2,Be2d4,Bd4f5][%mdl 32]} Bf5 21. Qf3 Rbc8 22. Bd4 {Threatening Qxc6!} Qd7 23. Rad1 Rf7 24. Kh2 Bg6 25. Ne2 Be4 26. Qg3 Bxg2 27. Qxg2 Bd8 28. Bc3 Bb6 29. Nd4 Nh5 30. Qg4 Nxf4 31. Qxd7 Rxd7 32. Nf5 {[#]} Ng6 $1 33. b4 Rf7 ({Black should try} 33... d5 $17 {...Bc7+ is the strong threat.} 34. c5 Bc7+ 35. Kh1 Rf7) 34. Nxd6 $11 {[%mdl 64] Double Attack} Rf2+ 35. Kg1 Rcf8 {aiming for ...Rf1+.} 36. c5 {Threatens to win with Ne4.} Bc7 37. Ne4 (37. Rf1 $11 Rxf1+ 38. Rxf1) 37... Rxa2 {Strongly threatening ...Nh4.} 38. Ra1 Rc2 {And now ...Nh4 would win.} 39. Rxa7 Nh4 {( -> ...Rg2+)} 40. Rxc7 {[%mdl 64] [#] Double Attack. The position is equal.} Nf3+ {[%mdl 64] Double Attack} 41. Kf1 Nh2+ {[%mdl 64] Discovered Attack (Double check)} 42. Kg1 Nf3+ {[%mdl 64] Double Attack} 43. Kf1 Nh2+ {Accuracy: White = 43%, Black = 58%.} 1/2-1/2

[Event "Hunan Belt and Road Open 2019"]
[Site "Hunan"]
[Date "2019.08.06"]
[Round "9.20"]
[White "Wang, Chen"]
[Black "Batchuluun, Tsegmed"]
[Result "1/2-1/2"]
[WhiteElo "2476"]
[BlackElo "2535"]
[Annotator "TA"]
[PlyCount "96"]
[EventDate "2019.07.29"]
[EventType "swiss"]
[EventCountry "CHN"]
[SourceTitle "playchess.com"]
[Source "ChessBase"]
[SourceQuality "1"]

{[%evp 10,96,20,3,13,16,29,23,56,53,88,83,81,57,117,123,106,82,119,-13,22,0,0,-21,-19,-17,-9,-23,-23,-29,-13,-19,-14,-18,26,-8,-12,-45,-61,-47,-40,-65,-7,-6,-6,-69,-78,-119,-83,-89,-94,-106,-112,-43,0,0,0,0,0,0,21,21,16,17,7,0,0,0,12,0,0,0,0,0,0,0,0,0,0,0,0,0,0,0,0,0,0,0,0]} 1. b3 e5 2. Bb2 Nc6 3. Nf3 e4 4. Nd4 Nxd4 5. Bxd4 Nf6 6. e3 Be7 {A01: Nimzowitsch-Larsen Opening} 7. c4 c5 (7... O-O 8. Nc3 c6 9. Rc1 d5 10. cxd5 cxd5 11. Be2 Be6 12. O-O a6 13. f4 exf3 14. Bxf3 {1-0 (31) Jobava,B (2690)-Harikrishna,P (2744) Riadh 2017}) 8. Bb2 O-O {White has an edge.} 9. Nc3 b6 $146 ({Predecessor:} 9... d6 10. Qc2 Bf5 11. d3 Qa5 12. O-O-O exd3 13. Bxd3 Bg6 14. e4 {1-0 (32) Ramirez Alvarez,A (2563)-Arribas Lopez,A (2505) Saint Louis 2017}) 10. g4 d5 {[#]} 11. g5 $1 {[%cal Rg5f6]} Ng4 (11... Ne8 $14) 12. Nxd5 $16 {Threatens to win with h3.} Bxg5 {Hoping for ...Bh4.} 13. h3 Nf6 14. Nc3 (14. h4 $16) 14... Re8 15. h4 Bh6 16. Be2 Bf5 17. Qc2 Qd7 18. O-O-O Rad8 19. Rdg1 Kf8 20. Rg3 Re6 21. Rd1 a6 22. a3 Rd6 $36 {[%mdl 2048] Black has some pressure.} 23. Nb1 Qe6 24. Rdg1 g6 25. Bc3 Nd7 ({Better is} 25... Bg7 $15) 26. Qb2 $11 Re8 27. f4 (27. a4 $11) 27... exf3 $1 $15 28. Bxf3 Ne5 (28... b5 {is more complex.} 29. Be2 Rb8 30. h5 Qe4 31. Rf1 Kg8) 29. Bxe5 Qxe5 30. Qxe5 Rxe5 31. Bd5 (31. Rd1 $17) 31... Bxb1 (31... Re7 {keeps more tension.} 32. Nc3 Bg7 33. Na4 h5 34. Rf3 Bg4) 32. Kxb1 {The position is equal.} Rh5 33. Rh1 Bg7 34. Kc2 f5 35. Bf3 Rh6 36. h5 a5 37. Rhg1 Be5 38. R3g2 Kg7 39. Be2 f4 40. hxg6 hxg6 41. Bd3 fxe3 42. dxe3 Re6 43. Bf5 Rf6 44. Be4 (44. Rg5 {with more complications.} Rd6 45. Kc1 Bc3 46. R1g2 Be5 47. Be4) 44... Rh2 45. Rxh2 Bxh2 46. Rg2 Bd6 47. Kd3 Be7 48. Ke2 Re6 {Accuracy: White = 55%, Black = 47%.} 1/2-1/2

[Event "Hunan Belt and Road Open 2019"]
[Site "Hunan"]
[Date "2019.08.06"]
[Round "9.21"]
[White "Zhao, Zong-Yuan"]
[Black "Zhu, Jiner"]
[Result "0-1"]
[WhiteElo "2529"]
[BlackElo "2454"]
[Annotator "TA"]
[PlyCount "110"]
[EventDate "2019.07.29"]
[EventType "swiss"]
[EventCountry "CHN"]
[SourceTitle "playchess.com"]
[Source "ChessBase"]
[SourceQuality "1"]

{[%evp 30,110,21,15,44,37,37,17,27,13,88,79,141,148,147,149,155,107,221,85,106,57,106,111,103,59,74,62,61,41,76,76,86,77,75,75,75,75,75,75,95,95,110,91,149,36,36,36,36,36,42,15,30,0,0,-3,-8,-1154,-1147,-1147,-1109,-1108,0,-1066,-982,-1340,-1350,-1350,-1272,-1277,-1259,-1252,-1207,-1364,-1346,-1271,-1242,-1395,-1406,-1384,-1372,-1322,-1330]} 1. e4 e5 2. Nf3 Nc6 3. Bb5 a6 4. Ba4 Nf6 5. O-O Be7 6. Re1 b5 7. Bb3 O-O 8. c3 d6 9. h3 Nb8 10. d4 Nbd7 11. Nbd2 Bb7 12. Bc2 Re8 13. Nf1 Bf8 14. Ng3 g6 15. Bg5 h6 16. Bd2 c6 {C95: Closed Ruy Lopez: Breyer Variation with 10 d4} (16... Bg7 17. Qc1 Kh7 18. a4 Nb6 19. axb5 axb5 20. Rxa8 Bxa8 21. b3 Nbd7 22. Bd3 c6 23. Qc2 Bb7 24. Be3 d5 25. dxe5 dxe4 26. Nxe4 Nxe4 27. Bxe4 Nxe5 28. Nxe5 Rxe5 {½-½ (34) Leko,P (2691)-Oparin,G (2609) Linares 2018}) 17. Qc1 Kh7 18. h4 Bg7 $146 {The position is equal.} ({Predecessor:} 18... c5 19. h5 Bg7 20. hxg6+ fxg6 21. Qd1 Ng8 22. Be3 Qe7 23. a4 Nb6 24. dxc5 dxc5 {0-1 (86) Kovalev,A (2565)-Maiorov,N (2457) Minsk 2005}) 19. h5 Ng4 (19... c5 $11 {keeps the balance.}) 20. Qd1 Nf8 (20... Nb6 $142) 21. Ng5+ $16 hxg5 22. Qxg4 Bc8 23. Qf3 ({But not} 23. Qxg5 $6 Qxg5 24. Bxg5 Ne6 $11) 23... g4 (23... Qf6 $16 {keeps fighting.}) 24. Qd3 (24. Qxf7 $18 {is the precise move to win. Threatens to win with hxg6+.} Be6 25. hxg6+ Nxg6 26. Qb7) 24... Qf6 {[%cal Re5d4]} 25. hxg6+ fxg6 26. d5 c5 27. Nf1 Bh6 28. Bxh6 Kxh6 29. b4 c4 30. Qe3+ Kg7 31. a4 {Hoping for axb5.} Bd7 32. axb5 axb5 33. Ra5 Nh7 34. Rea1 Rad8 35. Ra7 Re7 36. Rb7 Be8 ({Black should play} 36... Ng5) 37. Raa7 (37. Rxe7+ $16 Qxe7 38. Bd1) 37... Rdd7 $14 38. Rxd7 Bxd7 39. Bd1 Rf7 40. Nh2 Qh4 41. Ra6 Ng5 42. Rxd6 {And now Bc2 would win.} g3 $1 {[%cal Rg3f2]} 43. Nf3 $2 {[%mdl 8192] [#]} (43. fxg3 $11 Qxe4 44. Qd2 (44. Qxg5 $2 {leads to mate.} Qe1+ {[%mdl 64] Double Attack} 45. Nf1 Rxf1+ 46. Kh2 Rh1#)) 43... Nxf3+ $1 $19 ({Worse is} 43... gxf2+ 44. Kf1 $15) 44. Bxf3 Qh2+ 45. Kf1 Qh1+ 46. Ke2 {[#] Qg5 is the strong threat.} Bg4 $1 {[%mdl 512] ( -> ...Qxg2). Black is clearly winning.} 47. Bxg4 Rxf2+ 48. Qxf2 gxf2 49. Kxf2 {[%mdl 4096] Endgame KQ-KRB} Qh4+ 50. Kf3 Qe1 51. Rc6 Qxc3+ 52. Kf2 Qd4+ 53. Kf3 Qd3+ 54. Kf2 Qxe4 55. Rc7+ Kh6 {Accuracy: White = 43%, Black = 64%.} 0-1

[Event "Hunan Belt and Road Open 2019"]
[Site "Hunan"]
[Date "2019.08.06"]
[Round "9.22"]
[White "Lin, Yi"]
[Black "Liu, Yan"]
[Result "1/2-1/2"]
[WhiteElo "2406"]
[BlackElo "2516"]
[Annotator "TA"]
[PlyCount "90"]
[EventDate "2019.07.29"]
[EventType "swiss"]
[EventCountry "CHN"]
[SourceTitle "playchess.com"]
[Source "ChessBase"]
[SourceQuality "1"]

{[%evp 12,90,37,32,31,47,47,45,47,39,66,47,42,44,40,26,27,27,8,12,0,5,8,0,20,22,16,0,0,0,7,0,16,0,0,0,0,-16,-16,-25,-28,-38,-30,-29,-29,-27,-32,-31,-18,-31,-35,-33,-33,-33,-33,-50,-50,-50,-50,-50,-50,-50,-33,-35,0,-50,-50,-81,-81,-81,-81,-81,-81,-81,-81,-81,-81,-81,-81,-81,0]} 1. Nf3 Nf6 2. c4 e6 3. g3 a6 4. Bg2 b5 5. b3 Bb7 6. O-O c5 7. Nc3 b4 {A13: English Opening: 1...e6} 8. Na4 d6 9. d4 cxd4 {White is slightly better.} 10. Qxd4 Nc6 11. Qb6 $146 ({Predecessor:} 11. Qf4 Be7 12. Rd1 O-O 13. Nc5 Bc8 {1-0 (70) Georgiev,K (2607)-Draskovic,L (2447) Bol 2015}) 11... Qxb6 12. Nxb6 Rb8 13. Bb2 Na5 {[#] Threatens to win with ...Bxf3.} 14. Na4 {[%cal Bb6a4,Ba4b2,Bb2d3,Bd3f4][%mdl 32]} Bc6 15. Bxf6 gxf6 16. Nb2 f5 17. Nd4 Bd7 18. e3 Bg7 19. Rad1 Ke7 20. Rd2 Rhc8 21. Nd3 Nc6 22. Nxc6+ Bxc6 23. Bxc6 Rxc6 24. Nf4 a5 {[%cal Ba6a5,Ba5a4][%mdl 32]} 25. Ne2 a4 26. Nd4 Rc5 27. Rfd1 Rb6 28. Kf1 Ra6 29. Ke2 Be5 30. h3 h5 31. h4 axb3 32. axb3 Ra3 33. Rd3 Bxd4 34. exd4 $15 {[%mdl 4096] Endgame KRR-KRR} Rca5 35. Ke1 Kf6 36. Ke2 Ra2+ 37. R3d2 R2a3 38. Rd3 Ra8 39. c5 {[#]} d5 $1 {Black is better.} 40. f4 Ke7 41. Ke1 Kd7 42. Ke2 Kc6 43. Ke1 Kb5 44. Ke2 R8a6 45. Ke1 Ra8 {Accuracy: White = 72%, Black = 81%.} (45... R6a5 $17) 1/2-1/2

[Event "Hunan Belt and Road Open 2019"]
[Site "Hunan"]
[Date "2019.08.06"]
[Round "9.23"]
[White "Chu, Wei Chao"]
[Black "Xu, Zhihang"]
[Result "1/2-1/2"]
[WhiteElo "2406"]
[BlackElo "2501"]
[Annotator "TA"]
[PlyCount "91"]
[EventDate "2019.07.29"]
[EventType "swiss"]
[EventCountry "CHN"]
[SourceTitle "playchess.com"]
[Source "ChessBase"]
[SourceQuality "1"]

{[%evp 13,91,-14,18,0,0,-55,-48,-71,-58,-91,-56,-64,-65,-72,-89,-80,-51,-116,-115,-133,0,16,125,145,137,97,108,108,88,86,102,36,34,41,68,60,71,71,100,-73,-72,-69,-71,-59,-18,-71,-18,-25,-25,-25,-17,-20,-20,-20,-15,-17,-14,-30,-26,-25,-14,-17,-16,-18,-8,-8,-2,-2,-2,-2,-2,-3,-3,-2,0,0,0,0,0,0]} 1. Nf3 c5 2. g3 g6 3. Bg2 Bg7 4. d4 cxd4 5. Nxd4 Nc6 6. Nxc6 bxc6 7. O-O Nf6 8. e4 {A04: Unusual lines after 1 Nf3 and King's Indian Attack} (8. c4 O-O 9. Nc3 Rb8 10. Qa4 Qb6 11. Rb1 Qa6 12. Qxa6 Bxa6 13. b3 d5 14. Ba3 dxc4 15. bxc4 Bxc4 16. Bxe7 Rxb1 17. Rxb1 Re8 {½-½ (32) Marin,M (2576)-Kovalenko,I (2668) Almaty 2016}) 8... O-O 9. Bd2 $146 (9. e5 $11 Nd5 10. Re1) ({Predecessor:} 9. c4 Qc7 10. Nc3 d6 11. Qe2 Rb8 12. Rd1 Bg4 13. f3 Be6 14. c5 Nd7 15. cxd6 exd6 16. Be3 Ne5 17. Rac1 Nc4 18. b3 Nxe3 19. Qxe3 {½-½ (42) Benidze,D (2495)-Odeev,H (2395) Malatya 2013}) 9... d5 $15 10. exd5 {Black is slightly better.} Bg4 11. f3 Bf5 12. dxc6 Qb6+ 13. Kh1 Qxb2 14. Nc3 Rad8 15. Qe1 (15. Rc1 $15) 15... Ne8 $1 $17 16. g4 Bxc2 (16... Rxd2 $1 $17 17. Qxd2 Bxc3) 17. Rc1 $11 Nd6 {[#]} (17... Nc7 $11 {remains equal.}) 18. Nd5 $1 $36 {[%cal Rd5e7][%mdl 2048] White has strong initiative.} Nc8 19. Bc3 Bxc3 20. Qxc3 Qxc3 21. Nxc3 Rd2 22. Ne4 ({White should play} 22. Kg1 $16) 22... Bxe4 $1 $14 23. fxe4 Rfd8 24. c7 R8d4 25. e5 {Threatens to win with Bb7.} Rb2 26. Rfd1 $2 (26. Rcd1 $16 {stays on course.} Rxd1 27. Rxd1) 26... Rc2 $1 $17 27. Bb7 Rxc7 $1 28. Rxc7 Rxd1+ $15 {[%mdl 4096] Endgame KRB-KRN} 29. Kg2 {[#]} Rd2+ (29... Nb6 $1 $17 30. Rxe7 Kf8) 30. Kg3 $11 Nb6 {...e6 is the strong threat.} 31. Rxe7 Kf8 32. Rc7 Rxa2 33. e6 fxe6 34. Rxh7 g5 35. Rh5 Ra5 36. h4 Ra3+ 37. Kf2 {The position is equal.} gxh4 38. Rxh4 Kg7 39. Be4 Nc4 40. g5 Nd6 41. Rh7+ Kg8 42. Bg6 Ra5 43. Rd7 Rxg5 44. Bh7+ Kh8 45. Rxd6 Kxh7 46. Rxe6 {Accuracy: White = 54%, Black = 61%.} 1/2-1/2

[Event "Hunan Belt and Road Open 2019"]
[Site "Hunan"]
[Date "2019.08.06"]
[Round "9.24"]
[White "Xu, Minghui"]
[Black "Adhiban, B.."]
[Result "0-1"]
[WhiteElo "2401"]
[BlackElo "2665"]
[Annotator "TA"]
[PlyCount "68"]
[EventDate "2019.07.29"]
[EventType "swiss"]
[EventCountry "CHN"]
[SourceTitle "playchess.com"]
[Source "ChessBase"]
[SourceQuality "1"]

{[%evp 9,72,16,16,21,20,12,12,5,22,20,26,16,33,41,45,15,9,-37,-41,-44,-52,-67,-59,-73,-75,-77,-77,-102,-102,-103,-103,-102,-103,-140,-121,-104,-61,-89,-89,-83,-64,-72,0,-86,-64,-82,-69,-88,-62,-101,-85,-92,-95,-224,-217,-289,-284,-314,-306,-309,-278,-285,-292,-317,-318]} 1. d4 Nf6 2. Nf3 g6 3. g3 Bg7 4. Bg2 c5 5. c4 cxd4 (5... O-O 6. Nc3 cxd4 7. Nxd4 Qc7 8. Nd5 Nxd5 9. cxd5 Qb6 10. Nb3 d6 11. O-O Bd7 12. Be3 Qa6 13. Bd4 Qa4 14. Bxg7 Kxg7 15. Qd4+ Qxd4 16. Nxd4 {½-½ (28) Ding,L (2805)-Vachier Lagrave,M (2780) Abidjan 2019}) 6. Nxd4 {A49: 1 d4 Nf6 2 Nf3 g6 3 g3: Anti-King's Indian systems} h5 7. h4 $146 ({Predecessor:} 7. h3 O-O 8. Nc3 Nc6 9. O-O d6 10. e3 Bd7 11. b3 a6 12. Bb2 Rb8 {½-½ (48) Fridman,D (2633)-Zvjaginsev,V (2642) St Petersburg 2018}) 7... O-O 8. O-O {The position is equal.} Nc6 9. Nc3 {[%cal Bb1c3,Bc3d5,Bd5e7][%mdl 32]} Ng4 10. e3 Qa5 11. Qe2 Nge5 12. Nd5 e6 13. Nxc6 dxc6 14. Bd2 Qa6 15. Ne7+ Kh7 $1 16. Nxc8 {And now Nd6 would win.} Qxc4 17. Qxc4 Nxc4 {[%mdl 64] Discovered Attack} 18. Bb4 {Threatens to win with Nd6.} Rfxc8 19. Rad1 a5 20. Bc5 Rd8 21. Be7 Rxd1 22. Rxd1 Nb6 23. b3 Nd5 24. Bc5 Bf8 25. Bd4 Bg7 26. Bc5 $1 Kg8 $36 {[%mdl 2048] Black has some pressure.} 27. e4 Nf6 28. Be7 a4 29. bxa4 Rxa4 30. Rd8+ Kh7 31. Rb8 {[#]} (31. a3 $17 {was worth a try.}) 31... Ng4 $1 $19 ({Stronger than} 31... Nxe4 32. Rxb7 Be5 33. Rb4 $11) 32. Bc5 Ra5 {Black has a decisive advantage.} (32... Rxa2 33. Rxb7 Rc2 34. Ba7 $17) 33. Bb6 Rxa2 34. Rxb7 Ra1+ {Played: Ra2-b2} 0-1

[Event "Hunan Belt and Road Open 2019"]
[Site "Hunan"]
[Date "2019.08.06"]
[Round "9.25"]
[White "Dai, Changren"]
[Black "Zhao, Yuanhe"]
[Result "1/2-1/2"]
[WhiteElo "2510"]
[BlackElo "2448"]
[Annotator "TA"]
[PlyCount "64"]
[EventDate "2019.07.29"]
[EventType "swiss"]
[EventCountry "CHN"]
[SourceTitle "playchess.com"]
[Source "ChessBase"]
[SourceQuality "1"]

{[%evp 17,64,35,31,34,40,0,0,-31,0,0,0,-18,0,0,0,-9,43,32,37,0,0,0,0,0,0,0,-6,-198,-180,-168,0,0,0,-170,-172,-249,-227,-234,-223,-406,-412,-526,-516,-412,0,0,0,0,0]} 1. e4 c5 2. Nf3 Nc6 3. d4 cxd4 4. Nxd4 e5 5. Nb5 a6 6. Nd6+ Bxd6 7. Qxd6 Qe7 8. Qd1 Nf6 9. Nc3 d6 10. Be2 {B32: Sicilian: Löwenthal and Kalashnikov Variations} O-O 11. g4 $146 ({Predecessor:} 11. Be3 b5 12. O-O Bb7 13. a4 Nd4 14. Bxd4 exd4 15. Qxd4 Nxe4 16. Nxe4 Bxe4 17. Rfe1 Qb7 18. axb5 axb5 19. Rxa8 Rxa8 {½-½ (60) Berg,E (2587)-Li,C (2703) Malmo 2012}) 11... Be6 12. g5 Nd7 13. Be3 Rac8 14. h4 b5 15. Qd2 Nc5 16. O-O-O b4 (16... Qb7 $11 17. f3 (17. Qxd6 b4 $17) 17... Rfd8) 17. Nd5 $14 Bxd5 18. Qxd5 b3 $1 19. c3 ({Of course not} 19. axb3 Nb4 $17) 19... bxa2 20. Qxa2 Nxe4 {aiming for ...Nb4.} 21. Qd5 {[#]} Nd4 $1 {[%mdl 512]} 22. Bg4 $2 {[#]} (22. Qxe4 $11 Nxe2+ 23. Kd2) (22. Bxd4 exd4) 22... Nxc3 $1 $19 {[%mdl 512]} 23. bxc3 Rxc3+ $2 (23... Rc5 $1 $19 {[%cal Rc5d5]} 24. Qg2 Rxc3+ 25. Kd2 d5 $1 {[%mdl 512]}) 24. Kd2 $11 Rc5 25. Qe4 $2 (25. Qg2 $1 $11 {and White is okay.}) 25... d5 $1 $19 {[%cal Rd5e4][%mdl 1024] Black has strong compensation.} 26. Qd3 {[#]} (26. Qg2 $142) 26... Rc4 $1 {( -> ...Qb4+)} 27. Rb1 {[#]} Nb5 $1 28. Be2 $2 (28. Bh3 {was necessary.}) 28... Rc3 29. Qxd5 Rd8 30. Rxb5 Rcc8 $2 ({Black should try} 30... Ra3 $19 31. Kc2 Rxd5 32. Rxd5 Ra2+ 33. Kd3 e4+ 34. Kc3 Rxe2) 31. Bd3 $1 $11 Rxd5 32. Rxd5 Qb4+ {Accuracy: White = 35%, Black = 75%.} 1/2-1/2

[Event "Hunan Belt and Road Open 2019"]
[Site "Hunan"]
[Date "2019.08.06"]
[Round "9.26"]
[White "Lei, Tingjie"]
[Black "Xiang, Zeyu"]
[Result "1/2-1/2"]
[WhiteElo "2505"]
[BlackElo "2447"]
[Annotator "TA"]
[PlyCount "71"]
[EventDate "2019.07.29"]
[EventType "swiss"]
[EventCountry "CHN"]
[SourceTitle "playchess.com"]
[Source "ChessBase"]
[SourceQuality "1"]

{[%evp 18,71,10,14,20,13,21,8,10,17,22,24,10,16,16,25,13,16,39,15,27,20,49,23,48,21,19,13,10,22,22,22,22,18,17,19,22,20,28,12,56,0,79,75,78,74,80,0,0,0,0,-14,0,0,0,-11]} 1. d4 d5 2. c4 e6 3. Nf3 Nf6 4. g3 Bb4+ 5. Bd2 Be7 6. Bg2 O-O 7. O-O c6 8. Qc2 b6 9. Bf4 Nbd7 10. Rd1 Ba6 {E08: Closed Catalan: Main Line: 7 Qc2} 11. cxd5 cxd5 12. Ne5 Rc8 13. Nc6 Bb5 14. Nxe7+ Qxe7 15. Nc3 a5 16. Qd2 Ba6 17. Rac1 {[#]} b5 $146 ({Predecessor:} 17... h6 18. h3 {½-½ (49) Matlakov,M (2689)-Aronian,L (2784) Berlin 2015}) 18. b3 Qd8 19. Bf3 Qb6 20. h4 Qb7 21. g4 b4 22. Na4 Ne4 23. Qe3 Bb5 24. Nc5 Ndxc5 25. dxc5 f6 26. Bxe4 dxe4 27. Bd6 Rfd8 28. Kh2 Bc6 29. Rg1 ({White should try} 29. g5 $14) 29... e5 (29... Qf7 $1 $11) 30. g5 $16 {Hoping for gxf6.} Kh8 31. h5 {gxf6 is the strong threat.} Qf7 {[#]} 32. g6 (32. h6 $1 $16) 32... Qe8 $11 {The position is equal.} 33. Rcd1 h6 34. Qh3 Bd7 35. Qh4 Qe6 36. Rg3 {Accuracy: White = 64%, Black = 56%.} 1/2-1/2

[Event "Hunan Belt and Road Open 2019"]
[Site "Hunan"]
[Date "2019.08.06"]
[Round "9.27"]
[White "Chen, Qi b"]
[Black "Taher, Yoseph Theolifus"]
[Result "1/2-1/2"]
[WhiteElo "2414"]
[BlackElo "2460"]
[Annotator "TA"]
[PlyCount "40"]
[EventDate "2019.07.29"]
[EventType "swiss"]
[EventCountry "CHN"]
[SourceTitle "playchess.com"]
[Source "ChessBase"]
[SourceQuality "1"]

{[%evp 9,40,20,12,8,26,22,40,40,46,27,32,30,49,0,10,7,23,0,0,0,0,0,0,0,4,3,22,18,13,0,0,0,4]} 1. e4 e5 2. Nf3 Nf6 3. Nxe5 d6 4. Nd3 (4. Nf3 Nxe4 5. d4 d5 6. Bd3 Nc6 7. O-O Be7 8. Nbd2 Nd6 9. c3 Bf5 10. Be2 O-O 11. Re1 Re8 12. Qb3 Be6 13. Bd3 Bf6 14. Nf1 g6 15. Bf4 Qd7 16. Ne3 {½-½ (67) Dominguez Perez,L (2750)-Bu,X (2729) Hengshui 2019}) 4... Nxe4 5. Qe2 Qe7 6. Nc3 {[#] Hoping for Nd5. C42: Petroff Defence: 3 Nxe5 and unusual White 3rd moves} Nxc3 7. dxc3 Bf5 $146 ({Predecessor:} 7... Qxe2+ 8. Bxe2 Be7 9. Be3 O-O 10. Nf4 c6 11. O-O-O Nd7 {½-½ (70) Idani,P (2588)-Bernadskiy,V (2547) Taleigao 2018}) 8. Be3 {White is slightly better.} Nc6 9. Nf4 O-O-O 10. O-O-O Qe4 11. Qd3 Qxd3 (11... g6 {keeps more tension.} 12. Qxe4 Bxe4 13. f3 Bf5 14. Bd3 Bd7) 12. Bxd3 Bxd3 13. Nxd3 Re8 {The position is equal.} 14. Rde1 Be7 15. Bd4 Nxd4 16. cxd4 Bf6 17. c3 d5 18. Rxe8+ Rxe8 19. Re1 Rxe1+ 20. Nxe1 c6 {Accuracy: White = 50%, Black = 47%.} 1/2-1/2

[Event "Hunan Belt and Road Open 2019"]
[Site "Hunan"]
[Date "2019.08.06"]
[Round "9.28"]
[White "Zhao, Chenxi"]
[Black "Raja Harshit"]
[Result "1/2-1/2"]
[WhiteElo "2400"]
[BlackElo "2434"]
[Annotator "TA"]
[PlyCount "59"]
[EventDate "2019.07.29"]
[EventType "swiss"]
[EventCountry "CHN"]
[SourceTitle "playchess.com"]
[Source "ChessBase"]
[SourceQuality "1"]

{[%evp 21,59,-9,0,-26,-46,-45,-47,-44,0,0,0,-53,-53,-61,-58,-62,-59,-74,-31,-152,-45,-44,-44,-44,-50,-67,-65,-76,-29,-60,0,-60,0,0,0,0,0,0,0,0]} 1. e4 c5 2. Nf3 d6 3. d4 cxd4 4. Qxd4 Nf6 5. Bg5 Nc6 6. Bb5 Bd7 7. Bxc6 Bxc6 8. Nc3 e6 9. O-O-O Be7 10. Rhe1 O-O 11. Kb1 h6 12. Bxf6 {B53: Sicilian: 2...d6: Lines with Qxd4} (12. Bh4 b5 13. Bxf6 Bxf6 14. Qxd6 Qb6 15. e5 Rfd8 16. Qb4 a5 17. Qf4 Be7 18. Ne4 Bxe4 19. Qxe4 Bc5 20. Rd3 Rxd3 21. cxd3 {½-½ (60) Zhigalko,S (2641)-Saric,I (2669) Riadh 2017}) 12... Bxf6 13. Qxd6 Qb6 {[#] Strongly threatening ...Bxc3.} 14. Qd2 $146 {Black is slightly better.} ({Predecessor:} 14. e5 Rad8 15. Qa3 Bxf3 16. gxf3 Bh4 17. Ne4 Bxf2 18. Rf1 Be3 19. Rd6 Rxd6 20. Qxd6 {0-1 (30) Lauer,F (960)-O'Toole,R (2001) LSS email 2013}) 14... Rfd8 (14... Rad8 {looks sharper.} 15. Qe3 Bxc3 16. Qxb6 Rxd1+ 17. Rxd1 axb6 18. bxc3 Bxe4 19. Ne1 Ra8) 15. Qe3 Bxc3 {[%csl Gc3][%cal Rb6b2]} 16. Qxb6 (16. Rxd8+ $11 Qxd8 17. bxc3) 16... Rxd1+ $15 17. Rxd1 axb6 18. bxc3 Bxe4 $11 {[%mdl 4096] Endgame KRB-KRN} 19. Rd6 Bd5 20. Ne5 (20. Rxb6 $15 Bxa2+ 21. Kc1) 20... Bxa2+ (20... Bxg2 $17 21. h4 b5) 21. Kb2 $15 Bd5 22. g3 b5 23. Rd7 f6 24. Ng6 Bc4 25. Rxb7 Rd8 ({Black should try} 25... Kh7 $1 $15 26. Ne7 Rd8) 26. Kc1 (26. h4 $1 $11) 26... h5 (26... Kh7 $1 $15 27. Rd7 {[%mdl 64] Decoy} Rxd7 28. Nf8+ Kg8 29. Nxd7 Kf7) 27. Nf4 $11 {The position is equal.} e5 28. Nxh5 Bf7 29. g4 Bxh5 30. gxh5 {Accuracy: White = 29%, Black = 45%.} 1/2-1/2